[Event "Oberliga Baden 1920"]
[Site "Baden"]
[Date "2020.01.19"]
[Round "5.7"]
[White "Stolle, Volker"]
[Black "Hell, Pascal"]
[Result "1/2-1/2"]
[WhiteElo "2184"]
[BlackElo "2155"]
[PlyCount "37"]
[EventDate "2019.09.29"]
[EventType "team-tourn"]
[EventRounds "9"]
[EventCountry "GER"]
[SourceTitle "CBM 195 Extra"]
[Source "ChessBase"]
[SourceDate "2020.05.31"]
[SourceVersion "1"]
[SourceVersionDate "2020.05.31"]
[SourceQuality "1"]
[WhiteTeam "Brombach"]
[BlackTeam "Dreilaendereck"]
[WhiteTeamCountry "GER"]
[BlackTeamCountry "GER"]

1. d4 Nf6 2. c4 e6 3. Nf3 d5 4. Nc3 c6 5. cxd5 exd5 6. Bg5 h6 7. Bh4 Nbd7 8. e3 Bb4 9. Bd3 0-0 10. 0-0 Re8 11. Qc2 Be7 12. Bg3 Bf8 13. h3 Qe7 14. Ne5 Nxe5 15. Bxe5 Nd7 16. Bg3 Nf6 17. Be5 Nd7 18. Bh2 Nf6 19. Be5 1/2-1/2

[Event "Oberliga Baden 1819"]
[Site "Baden"]
[Date "2019.03.24"]
[Round "8.5"]
[White "Mueller, Olaf"]
[Black "Stolle, Volker"]
[Result "1-0"]
[WhiteElo "2306"]
[BlackElo "2183"]
[PlyCount "53"]
[EventDate "2018.10.21"]
[EventType "team-tourn"]
[EventRounds "9"]
[EventCountry "GER"]
[SourceTitle "EXT 2020"]
[Source "ChessBase"]
[SourceDate "2019.10.17"]
[SourceVersion "1"]
[SourceVersionDate "2019.10.17"]
[SourceQuality "1"]
[WhiteTeam "Walldorf"]
[BlackTeam "Brombach"]
[WhiteTeamCountry "GER"]
[BlackTeamCountry "GER"]

1. c4 Nf6 2. Nc3 e6 3. Nf3 d5 4. e3 Be7 5. b3 b6 6. Bb2 Bb7 7. cxd5 exd5 8. Bb5+ c6 9. Bd3 Nbd7 10. Qc2 Nc5 11. Bf5 Bc8 12. Nd4 Bd7 13. Bxd7+ Qxd7 14. Nf5 0-0 15. 0-0 Ne6 16. Ne2 Rac8 17. Neg3 Bd8 18. Rac1 c5 19. Be5 Ng4 20. Bd6 Re8 21. h3 Nf6 22. Be5 Rc6 23. Qb2 Rf8 24. b4 Ne8 25. bxc5 bxc5 26. Qb5 Bf6 27. Bxf6 1-0

[Event "Oberliga Baden 1819"]
[Site "Baden"]
[Date "2018.12.16"]
[Round "4.6"]
[White "Scherer, Max"]
[Black "Stolle, Volker"]
[Result "1-0"]
[WhiteElo "2226"]
[BlackElo "2183"]
[PlyCount "67"]
[EventDate "2018.10.21"]
[EventType "team-tourn"]
[EventRounds "9"]
[EventCountry "GER"]
[SourceTitle "EXT 2020"]
[Source "ChessBase"]
[SourceDate "2019.10.17"]
[SourceVersion "1"]
[SourceVersionDate "2019.10.17"]
[SourceQuality "1"]
[WhiteTeam "Dreisamtal"]
[BlackTeam "Brombach"]
[WhiteTeamCountry "GER"]
[BlackTeamCountry "GER"]

1. c4 g6 2. g3 Bg7 3. Bg2 c5 4. Nc3 Nc6 5. e3 d6 6. Nge2 e6 7. d4 Nge7 8. 0-0 0-0 9. d5 exd5 10. cxd5 Nb4 11. e4 Bd7 12. a3 Na6 13. Bf4 Nc8 14. Qd2 Re8 15. h3 Rb8 16. a4 Nc7 17. Bh6 b5 18. axb5 Nxb5 19. Bxg7 Kxg7 20. f4 f6 21. g4 Qe7 22. Rf2 Nxc3 23. Qxc3 Rb4 24. g5 Rf8 25. Raf1 Kg8 26. gxf6 Qxf6 27. e5 Qe7 28. e6 Be8 29. Ng3 Qf6 30. f5 Qxc3 31. bxc3 Rb3 32. f6 Rxc3 33. Ne4 Re3 34. f7+ 1-0

[Event "Oberliga Baden 1718"]
[Site "Baden"]
[Date "2018.02.04"]
[Round "6.7"]
[White "Stolle, Volker"]
[Black "Fischer, Daniel1111"]
[Result "1-0"]
[WhiteElo "2190"]
[BlackElo "1926"]
[PlyCount "139"]
[EventDate "2017.10.08"]
[EventType "team-tourn"]
[EventRounds "9"]
[EventCountry "GER"]
[SourceTitle "EXT 2019"]
[Source "ChessBase"]
[SourceDate "2018.10.10"]
[SourceVersion "1"]
[SourceVersionDate "2018.10.10"]
[SourceQuality "1"]
[WhiteTeam "Brombach"]
[BlackTeam "Dreilaendereck"]
[WhiteTeamCountry "GER"]
[BlackTeamCountry "GER"]

1. d4 Nf6 2. c4 e6 3. Nf3 d5 4. Nc3 Be7 5. cxd5 exd5 6. Bg5 c6 7. e3 Bf5 8. Bd3 Bxd3 9. Qxd3 Nbd7 10. 0-0 0-0 11. h3 Ne4 12. Bxe7 Qxe7 13. Rab1 a5 14. a3 Nb6 15. Qc2 Nc4 16. Nxe4 Qxe4 17. Rbc1 Qxc2 18. Rxc2 a4 19. Ne1 Rfe8 20. Nd3 Kf8 21. Re1 f5 22. h4 Ke7 23. Nc5 b6 24. Nd3 Kd6 25. g3 g6 26. Rec1 Rac8 27. Rd1 h6 28. Rcc1 Rg8 29. Kg2 Rce8 30. Kf3 Re6 31. Kg2 Rf6 32. Rc2 g5 33. h5 Re8 34. Rdc1 c5 35. dxc5+ bxc5 36. Rc3 Rb8 37. Rb1 Nd2 38. Rd1 Ne4 39. Rc2 Re6 40. Ne1 Re7 41. Nf3 Reb7 42. Nd2 Nf6 43. Nc4+ Ke6 44. Nd2 c4 45. Nf3 Rxb2 46. Nd4+ Kd6 47. Nxf5+ Ke5 48. Rxb2 Rxb2 49. Nxh6 Nxh5 50. Ng4+ Ke6 51. Rh1 Kf5 52. Rd1 Ng7 53. Rxd5+ Kxg4 54. Rd4+ Kh5 55. g4+ Kh4 56. Rd7 Kxg4 57. Rxg7 c3 58. Ra7 Rb3 59. Rxa4+ Kf5 60. Kf3 c2 61. Rc4 Rxa3 62. Rxc2 Ra5 63. Rd2 Rb5 64. Kg3 Ra5 65. f3 Ra3 66. e4+ Kf6 67. Rd6+ Kf7 68. Rd5 Kf6 69. Rf5+ Kg6 70. Kg4 1-0

[Event "Oberliga Baden 1617"]
[Site "Baden"]
[Date "2017.05.07"]
[Round "9.4"]
[White "Becker, Matthias1111"]
[Black "Stolle, Volker"]
[Result "1/2-1/2"]
[WhiteElo "2248"]
[BlackElo "2166"]
[PlyCount "57"]
[EventDate "2016.10.16"]
[EventType "team-tourn"]
[EventRounds "9"]
[EventCountry "GER"]
[SourceTitle "EXT 2018"]
[Source "ChessBase"]
[SourceDate "2017.10.13"]
[SourceVersion "1"]
[SourceVersionDate "2017.10.13"]
[SourceQuality "1"]
[WhiteTeam "Buchen"]
[BlackTeam "Brombach"]
[WhiteTeamCountry "GER"]
[BlackTeamCountry "GER"]

1. e4 g6 2. d4 Bg7 3. Nc3 c5 4. Be3 Nc6 5. dxc5 Qa5 6. Qd2 Nf6 7. f3 0-0 8. Nge2 d6 9. Nc1 Be6 10. cxd6 exd6 11. Nb5 Qxd2+ 12. Bxd2 d5 13. Nb3 dxe4 14. Nc7 Rac8 15. Nxe6 fxe6 16. 0-0-0 exf3 17. gxf3 b6 18. Bh3 Rce8 19. Rhe1 e5 20. Bc3 Bh6+ 21. Kb1 Bf4 22. Rd6 Nd8 23. Re2 Kg7 24. Bd7 Nf7 25. Rxf6 Kxf6 26. Bxe8 Rxe8 27. Nc1 Bxc1 28. Kxc1 Kf5 29. Bd2 1/2-1/2

[Event "Oberliga Baden 1617"]
[Site "Baden"]
[Date "2017.03.19"]
[Round "7.4"]
[White "Scherer, Max"]
[Black "Stolle, Volker"]
[Result "1/2-1/2"]
[WhiteElo "2193"]
[BlackElo "2166"]
[PlyCount "214"]
[EventDate "2016.10.16"]
[EventType "team-tourn"]
[EventRounds "9"]
[EventCountry "GER"]
[SourceTitle "EXT 2018"]
[Source "ChessBase"]
[SourceDate "2017.10.13"]
[SourceVersion "1"]
[SourceVersionDate "2017.10.13"]
[SourceQuality "1"]
[WhiteTeam "Dreisamtal"]
[BlackTeam "Brombach"]
[WhiteTeamCountry "GER"]
[BlackTeamCountry "GER"]

1. c4 g6 2. g3 Bg7 3. Bg2 c5 4. Nc3 Nc6 5. e3 d6 6. Nge2 e6 7. 0-0 Nge7 8. d4 0-0 9. Rb1 b6 10. a3 Bb7 11. b4 Qc8 12. bxc5 dxc5 13. dxc5 Rd8 14. Qc2 Ne5 15. Ne4 Qc7 16. Nd4 Bxe4 17. Bxe4 Rac8 18. f4 Ng4 19. cxb6 axb6 20. Qe2 h5 21. h3 Nh6 22. Bb2 Qxc4 23. Bd3 Qd5 24. Rfd1 Qa5 25. g4 hxg4 26. hxg4 e5 27. Nb5 exf4 28. Bxg7 Kxg7 29. exf4 Nc6 30. g5 Ng8 31. Qb2+ Kf8 32. f5 Qa4 33. fxg6 Qg4+ 34. Qg2 Qxg2+ 35. Kxg2 fxg6 36. Bxg6 Nce7 37. Rxd8+ Rxd8 38. Be4 Nd5 39. Kg3 Nge7 40. Rd1 Rd7 41. Kf3 Nf6 42. Rxd7 Nxd7 43. Nd6 Ne5+ 44. Kf4 Nd7 45. Bd3 Nd5+ 46. Ke4 Nc7 47. Bc4 Kg7 48. Kf5 Nb8 49. a4 Nc6 50. Nc8 b5 51. axb5 Nd4+ 52. Ke5 Ncxb5 53. Ne7 Nf3+ 54. Kf4 Nxg5 55. Kxg5 Nd6 56. Bd5 Nf7+ 57. Kf5 Nh6+ 58. Ke6 Nf7 59. Nf5+ Kf8 60. Kf6 Nd6 61. Nd4 Ne8+ 62. Ke5 Ke7 63. Be6 Kf8 64. Bd7 Ng7 65. Kf6 Ne8+ 66. Ke6 Nc7+ 67. Kd6 Ne8+ 68. Ke6 Nc7+ 69. Ke5 Ke7 70. Ba4 Ne8 71. Nc6+ Kf8 72. Bb3 Ng7 73. Bc4 Ne8 74. Bd5 Nc7 75. Bf3 Ne8 76. Bh5 Ng7 77. Bg6 Ne8 78. Kd5 Nc7+ 79. Kd6 Ne8+ 80. Ke6 Nc7+ 81. Kd6 Ne8+ 82. Kd7 Nf6+ 83. Ke6 Ne8 84. Ne5 Nc7+ 85. Kd6 Ne8+ 86. Kd7 Nf6+ 87. Ke6 Ng8 88. Bh5 Kg7 89. Ng4 Nh6 90. Nf6 Ng8 91. Ne8+ Kf8 92. Nd6 Kg7 93. Nf5+ Kh7 94. Ke5 Nh6 95. Nd4 Kg7 96. Ne6+ Kh7 97. Be8 Ng4+ 98. Kf5 Ne3+ 99. Kg5 Nd5 100. Bc6 Ne7 101. Be4+ Kg8 102. Kf6 Nc8 103. Nc5 Nd6 104. Bg6 Nb5 105. Bf7+ Kh7 106. Bc4 Nd6 107. Bd3+ Kh6 1/2-1/2

[Event "Oberliga Baden 1617"]
[Site "Baden"]
[Date "2017.02.05"]
[Round "5.5"]
[White "Faerber, David"]
[Black "Stolle, Volker"]
[Result "1/2-1/2"]
[WhiteElo "2135"]
[BlackElo "2166"]
[PlyCount "71"]
[EventDate "2016.10.16"]
[EventType "team-tourn"]
[EventRounds "9"]
[EventCountry "GER"]
[SourceTitle "EXT 2018"]
[Source "ChessBase"]
[SourceDate "2017.10.13"]
[SourceVersion "1"]
[SourceVersionDate "2017.10.13"]
[SourceQuality "1"]
[WhiteTeam "Walldorf"]
[BlackTeam "Brombach"]
[WhiteTeamCountry "GER"]
[BlackTeamCountry "GER"]

1. e4 c6 2. d4 d5 3. Nd2 dxe4 4. Nxe4 Bf5 5. Ng3 Bg6 6. h4 h6 7. Nf3 Nd7 8. h5 Bh7 9. Bd3 Bxd3 10. Qxd3 e6 11. Bd2 Ngf6 12. 0-0-0 Be7 13. Kb1 0-0 14. Ne4 Nxe4 15. Qxe4 Nf6 16. Qe2 Qd5 17. Be3 Ng4 18. Bc1 Rad8 19. Ne5 Nxe5 20. dxe5 Qa5 21. Rde1 Rd4 22. f4 Ra4 23. a3 Rd8 24. g4 Qb5 25. Qxb5 cxb5 26. c3 Rc4 27. Rd1 Rcc8 28. Be3 b6 29. Kc2 Kf8 30. Rxd8+ Rxd8 31. Rd1 Ke8 32. Rxd8+ Kxd8 33. Kd3 Kd7 34. Ke4 g6 35. g5 Bf8 36. hxg6 1/2-1/2

[Event "Oberliga Baden 1617"]
[Site "Baden"]
[Date "2016.12.04"]
[Round "3.4"]
[White "Stolle, Volker"]
[Black "Lutz, Bernhard"]
[Result "1/2-1/2"]
[WhiteElo "2166"]
[BlackElo "2320"]
[PlyCount "31"]
[EventDate "2016.10.16"]
[EventType "team-tourn"]
[EventRounds "9"]
[EventCountry "GER"]
[SourceTitle "EXT 2018"]
[Source "ChessBase"]
[SourceDate "2017.10.13"]
[SourceVersion "1"]
[SourceVersionDate "2017.10.13"]
[SourceQuality "1"]
[WhiteTeam "Brombach"]
[BlackTeam "Dreilaendereck"]
[WhiteTeamCountry "GER"]
[BlackTeamCountry "GER"]

1. d4 Nf6 2. c4 e6 3. Nf3 b6 4. g3 Bb7 5. Bg2 Be7 6. 0-0 0-0 7. d5 exd5 8. Nh4 c6 9. cxd5 Nxd5 10. Nf5 Nc7 11. e4 Ne6 12. Nc3 Na6 13. Qg4 Kh8 14. Nd5 Bf6 15. Nxf6 Qxf6 16. Nd6 1/2-1/2

[Event "BL2-Sued 1516"]
[Site "Germany"]
[Date "2016.04.10"]
[Round "9.7"]
[White "Stolle, Volker"]
[Black "Steinhart, Christoph"]
[Result "1/2-1/2"]
[WhiteElo "2162"]
[BlackElo "2030"]
[PlyCount "40"]
[EventDate "2015.09.20"]
[EventType "team-tourn"]
[EventRounds "9"]
[EventCountry "GER"]
[SourceTitle "EXT 2017"]
[Source "ChessBase"]
[SourceDate "2016.10.25"]
[SourceVersion "1"]
[SourceVersionDate "2016.10.25"]
[SourceQuality "1"]
[WhiteTeam "Brombach"]
[BlackTeam "Schoenaich"]
[WhiteTeamCountry "GER"]
[BlackTeamCountry "GER"]

1. d4 d5 2. c4 e5 3. e3 Bb4+ 4. Nc3 exd4 5. Qxd4 Qf6 6. Nge2 Qxd4 7. Nxd4 Nf6 8. Bd2 0-0 9. cxd5 Bxc3 10. Bxc3 Nxd5 11. Bd2 c5 12. Nb5 Nc6 13. Rc1 b6 14. Bc4 Be6 15. 0-0 a6 16. Nd6 Rfd8 17. Ne4 Ne5 18. Be2 Ne7 19. Bc3 N7g6 20. a3 f5 1/2-1/2

[Event "BL2-Sued 1516"]
[Site "Germany"]
[Date "2015.12.13"]
[Round "4.7"]
[White "Stolle, Volker"]
[Black "Bewersdorff, Oliver"]
[Result "0-1"]
[WhiteElo "2162"]
[BlackElo "2278"]
[PlyCount "78"]
[EventDate "2015.09.20"]
[EventType "team-tourn"]
[EventRounds "9"]
[EventCountry "GER"]
[SourceTitle "EXT 2017"]
[Source "ChessBase"]
[SourceDate "2016.10.25"]
[SourceVersion "1"]
[SourceVersionDate "2016.10.25"]
[SourceQuality "1"]
[WhiteTeam "Brombach"]
[BlackTeam "Schott Mainz"]
[WhiteTeamCountry "GER"]
[BlackTeamCountry "GER"]

1. d4 Nf6 2. c4 g6 3. Nc3 d5 4. Nf3 Bg7 5. Qb3 dxc4 6. Qxc4 0-0 7. e4 Be6 8. d5 Bc8 9. Bf4 c6 10. Be2 cxd5 11. exd5 Ne8 12. 0-0 Na6 13. Be5 Nd6 14. Qf4 Nc7 15. Bxg7 Kxg7 16. Rad1 Nce8 17. Rfe1 Nf6 18. h3 Bd7 19. g4 h6 20. Bf1 Rc8 21. Re3 Rc7 22. Ne5 Be8 23. h4 h5 24. g5 Nd7 25. Nf3 Nb6 26. Rde1 Kg8 27. Qb4 Rxc3 28. Qxc3 Nxd5 29. Qe5 Nxe3 30. Qxe3 Nf5 31. Qf4 Bc6 32. Ne5 Qd4 33. Qxd4 Nxd4 34. Rd1 Rd8 35. Rd3 Kg7 36. Nxc6 Nxc6 37. Rb3 Rd7 38. Bh3 e6 39. Kh2 Nd4 0-1

[Event "Verbandsliga Sued Baden 1112"]
[Site "Germany"]
[Date "2011.12.11"]
[Round "4.1"]
[White "Stolle, Volker"]
[Black "Raka, Ramadan"]
[Result "1-0"]
[WhiteElo "2178"]
[BlackElo "2154"]
[PlyCount "67"]
[EventDate "2011.10.09"]
[EventType "team-tourn"]
[EventRounds "9"]
[EventCountry "GER"]
[SourceTitle "EXT 2013"]
[Source "ChessBase"]
[SourceDate "2012.11.22"]
[SourceVersion "1"]
[SourceVersionDate "2012.11.22"]
[SourceQuality "1"]
[WhiteTeam "Brombach II"]
[BlackTeam "Iffezheim"]
[WhiteTeamCountry "GER"]
[BlackTeamCountry "GER"]

1. d4 d6 2. c4 e5 3. dxe5 dxe5 4. Qxd8+ Kxd8 5. Nf3 f6 6. g3 Bc5 7. Nc3 c6 8. Bg2 Be6 9. b3 a5 10. 0-0 Nd7 11. Rd1 Kc7 12. Bb2 Nh6 13. Rac1 Nf7 14. Ne1 h5 15. Nd3 Bd4 16. Nd5+ Bxd5 17. cxd5 Bxb2 18. Nxb2 c5 19. Na4 b6 20. d6+ Nxd6 21. Bxa8 Rxa8 22. Rd5 Rd8 23. Rcd1 Nc8 24. Nc3 Ne7 25. Rd6 Nf5 26. Nb5+ Kc8 27. Rc6+ Kb8 28. e3 c4 29. bxc4 Rc8 30. Re6 Nc5 31. Rxb6+ Ka8 32. Nd6 Rd8 33. Rd5 Na4 34. Rxa5# 1-0

[Event "Oberliga Baden 1011"]
[Site "Baden"]
[Date "2011.03.20"]
[Round "8.6"]
[White "Stolle, Volker"]
[Black "Pepping, Simon"]
[Result "1-0"]
[WhiteElo "2114"]
[BlackElo "1995"]
[PlyCount "61"]
[EventDate "2010.10.10"]
[EventType "team-tourn"]
[EventRounds "9"]
[EventCountry "GER"]
[SourceTitle "EXT 2012"]
[Source "ChessBase"]
[SourceDate "2011.11.24"]
[SourceVersion "1"]
[SourceVersionDate "2011.11.24"]
[SourceQuality "1"]
[WhiteTeam "Brombach"]
[BlackTeam "Dreisamtal"]
[WhiteTeamCountry "GER"]
[BlackTeamCountry "GER"]

1. d4 Nf6 2. c4 g6 3. Nf3 d5 4. Nc3 Bg7 5. Qb3 dxc4 6. Qxc4 0-0 7. e4 c6 8. Be2 Nbd7 9. 0-0 Nb6 10. Qc5 Bg4 11. Be3 Rc8 12. Rfd1 Nfd7 13. Qa5 Qc7 14. Rac1 Nd5 15. Qxc7 Nxc7 16. h3 Bxf3 17. Bxf3 Nb6 18. b3 Rfd8 19. a4 a5 20. d5 Nd7 21. dxc6 bxc6 22. Ne2 Na6 23. Bg4 e6 24. Nf4 Ne5 25. Be2 Nb4 26. Bb6 Rxd1+ 27. Rxd1 Ra8 28. Rd8+ Rxd8 29. Bxd8 Bh6 30. Bxa5 Nc2 31. Nd3 1-0

[Event "Verbandsliga Sued Baden 0910"]
[Site "Germany"]
[Date "2010.01.31"]
[Round "6.5"]
[White "Brennenstuhl, Oliver"]
[Black "Stolle, Volker"]
[Result "0-1"]
[WhiteElo "2048"]
[BlackElo "2113"]
[PlyCount "67"]
[EventDate "2009.10.11"]
[EventType "team-tourn"]
[EventRounds "9"]
[EventCountry "GER"]
[SourceTitle "EXT 2011"]
[Source "ChessBase"]
[SourceDate "2010.11.26"]
[SourceVersion "1"]
[SourceVersionDate "2010.11.26"]
[SourceQuality "1"]
[WhiteTeam "Lahr"]
[BlackTeam "Brombach"]
[WhiteTeamCountry "GER"]
[BlackTeamCountry "GER"]

1. e4 c6 2. Nc3 d5 3. Qf3 dxe4 4. Nxe4 Nd7 5. b3 Ngf6 6. Bb2 Nxe4 7. Qxe4 Nf6 8. Qd4 Bf5 9. Qxd8+ Rxd8 10. d3 e6 11. Ne2 Bb4+ 12. c3 Be7 13. d4 0-0 14. Ng3 Bg6 15. Be2 c5 16. 0-0 cxd4 17. cxd4 Nd5 18. Bf3 Rd7 19. Rac1 Bg5 20. Ba3 Rfd8 21. Rc5 b6 22. Rxd5 exd5 23. Bg4 Rc7 24. f4 Bf6 25. f5 Bxd4+ 26. Kh1 h5 27. Bh3 Bh7 28. Nxh5 Be5 29. Re1 f6 30. g4 Rc2 31. Bg2 Rxa2 32. Be7 Rd7 33. Bxf6 gxf6 34. Rxe5 0-1

[Event "Oberliga Baden 0607"]
[Site "Germany"]
[Date "2006.12.10"]
[Round "4.8"]
[White "Spiegel, Stefan"]
[Black "Stolle, Volker"]
[Result "1-0"]
[WhiteElo "2222"]
[BlackElo "2159"]
[PlyCount "53"]
[EventDate "2006.10.15"]
[EventType "team-tourn"]
[EventRounds "9"]
[EventCountry "GER"]
[SourceTitle "EXT 2008"]
[Source "ChessBase"]
[SourceDate "2007.11.25"]
[SourceVersion "1"]
[SourceVersionDate "2007.11.25"]
[SourceQuality "1"]
[WhiteTeam "Viernheim"]
[BlackTeam "Zaehringen"]
[WhiteTeamCountry "GER"]
[BlackTeamCountry "GER"]

1. e4 c6 2. d4 d5 3. Nd2 dxe4 4. Nxe4 Nf6 5. Nxf6+ gxf6 6. c3 Bf5 7. Ne2 e6 8. Ng3 Bg6 9. h4 h5 10. Be2 Qa5 11. Bf4 Nd7 12. b4 Qd5 13. 0-0 Nb6 14. a4 Be7 15. a5 Nc4 16. Bf3 Qd7 17. b5 cxb5 18. a6 e5 19. Be3 Rb8 20. Bxb7 Qg4 21. Qxg4 hxg4 22. Rfe1 Nxe3 23. Rxe3 Rxh4 24. Ra5 exd4 25. cxd4 b4 26. Rd5 Rd8 27. Bc6+ 1-0

[Event "Oberliga Baden 0607"]
[Site "Germany"]
[Date "2006.10.29"]
[Round "2.8"]
[White "Welz, Thomas"]
[Black "Stolle, Volker"]
[Result "1-0"]
[WhiteElo "2229"]
[BlackElo "2159"]
[PlyCount "83"]
[EventDate "2006.10.15"]
[EventType "team-tourn"]
[EventRounds "9"]
[EventCountry "GER"]
[SourceTitle "CBM 115 Extra"]
[Source "ChessBase"]
[SourceDate "2007.01.10"]
[SourceVersion "1"]
[SourceVersionDate "2007.01.10"]
[SourceQuality "1"]
[WhiteTeam "Eppingen II"]
[BlackTeam "Zaehringen"]
[WhiteTeamCountry "GER"]
[BlackTeamCountry "GER"]

1. d4 Nf6 2. Bf4 c6 3. e3 Qb6 4. Qc1 d5 5. Nf3 Bf5 6. Nh4 Bg6 7. Nxg6 hxg6 8. h3 e6 9. Bd3 Be7 10. 0-0 Nbd7 11. Nd2 Rh5 12. Be2 Rh7 13. c4 Ne4 14. Nxe4 dxe4 15. Qc2 f5 16. c5 Qd8 17. Qb3 g5 18. Bg3 Kf7 19. f3 exf3 20. Rxf3 g6 21. Bc4 Nf8 22. Qxb7 Qc8 23. Qb3 Qd7 24. Rd1 a5 25. Be5 a4 26. Qc2 a3 27. b4 Bf6 28. Bd6 Rh4 29. Bg3 Rh8 30. Qb3 Kg7 31. Bd6 Rh4 32. Bg3 Rh8 33. b5 cxb5 34. Bxb5 Qa7 35. Bc6 Rd8 36. Qb7+ Qxb7 37. Bxb7 f4 38. exf4 gxf4 39. Rxf4 Bg5 40. Rf3 Bf6 41. Rxf6 Nd7 42. Rff1 1-0